000
00255nam a2200109Ia 4500
008
200302s9999 xx 000 0 und d
100
_a
Naquib Mahfouz
245
_a
Alexandria : Jewlel Of Egypt
260
_b
Harry N.Abrams
260
_c
2002
300
_a
159P
999
_c
4540
_d
4540